000 00394nam a2200157 i 4500
001 135293
003 ES-MaACL
005 20230906194842.0
007 t|
008 070716s1971 sp ||||1| spa d
245 0 0 _aTodo Madrid.
250 _a1ª ed.
260 _aMadrid :
_bF.I.S.A.,
_c1971.
300 _a124 p., 1 h. con 24 lám. col. ;
_c24 cm.
852 _aES-MaACL
_jC-41882
_bR.79082
999 _c135293
_d135293